000 00751nam a2200229Ia 4500
001 8558
003 GE_BSU
008 181216s||||||||xx |||||||||||||| ||und||
040 _cGE_BSU
080 _a523.4
100 _aრაბოლუ,ვ.მ.
245 _aჰერკოლუბუსი:ანუ წითელი პლანეტა.
245 _bდედამიწა.
250 _a1-ლი გამოც.
260 _a?
260 _b[გ.გ.]
260 _c2013.
300 _a55გვ;17სმ.
520 _aნათარგმნ.კოლუმბიური ორიგინალიდან.
653 _aჰერკოლუბუსი:ანუ წითელი პლანეტა
942 _cBK
999 _c41875
_d41875